[Event "XXIV Open"]
[Site "Cappelle La Grande FRA"]
[Date "2008.02.20"]
[Round "6"]
[White "Aveskulov,V"]
[Black "Hoolt,S"]
[Result "1/2-1/2"]
[WhiteElo "2532"]
[BlackElo "2220"]
[EventDate "2008.02.16"]

1. e4 c5 2. Nf3 e6 3. d4 cxd4 4. Nxd4 Nf6 5. Nc3 Nc6 6. Nxc6 bxc6 7. Bd3 d5
8. O-O Be7 9. Qe2 O-O 10. b3 Nd7 11. Bb2 Nc5 12. Rad1 a5 13. Rfe1 d4 14.
Bc4 e5 15. Qh5 Qc7 16. Ne2 g6 17. Qf3 Be6 18. Bxe6 Nxe6 19. a4 c5 20. c4
Ra6 21. Bc1 Bg5 22. Bxg5 Nxg5 23. Qg4 Ne6 24. g3 Rb6 25. Rd3 Qb8 26. Nc1
Ng7 27. Qe2 Re6 28. Qd2 Qc7 29. Qd1 f5 30. Rd2 Ne8 31. Nd3 fxe4 32. Qg4 Re7
33. Qxe4 Nf6 34. Qh4 e4 35. Nf4 Qd7 36. Qg5 Qf5 37. h4 Rfe8 38. Rde2 Re5
39. Qxf5 gxf5 40. Kf1 Ng4 41. Kg2 Nf6 42. Kf1 Ng4 43. Kg2 d3 44. Rd2 Kf7
45. Rc1 R5e7 46. Nd5 Rb7 47. f3 Ne5 48. fxe4 fxe4 49. Rf1+ Nf3 50. Rxd3
exd3 51. Rxf3+ Kg7 52. Rxd3 Re2+ 53. Kh3 Rb2 54. Nf4 R2xb3 55. Rd5 R3b4 56.
Rxc5 Rxa4 57. Rf5 Rb6 58. Rc5 Rb7 59. Rf5 Re7 60. Nh5+ Kg8 1/2-1/2

[Event "XXIV Open"]
[Site "Cappelle La Grande FRA"]
[Date "2008.02.20"]
[Round "6"]
[White "Grabinsky,V"]
[Black "Czarnota,P"]
[Result "1-0"]
[WhiteElo "2295"]
[BlackElo "2530"]
[EventDate "2008.02.16"]

1. c4 g6 2. Nc3 Bg7 3. g3 e5 4. Bg2 d6 5. e4 Nc6 6. Nge2 h5 7. h4 Be6 8. d3
Qd7 9. Bg5 f6 10. Bd2 Nh6 11. Nd5 Nd8 12. Qc1 Nhf7 13. b4 c6 14. Ne3 f5 15.
Bc3 Nh6 16. d4 Rf8 17. dxe5 dxe5 18. Qb2 Ndf7 19. Rd1 Qc7 20. f4 Rd8 21.
O-O Rxd1 22. Rxd1 Ng4 23. Nxg4 fxg4 24. f5 gxf5 25. exf5 Bxf5 26. Nf4 Bh8
27. Qe2 Qe7 28. Nxh5 Qe6 29. b5 e4 30. Bxh8 1-0

[Event "XXIV Open"]
[Site "Cappelle La Grande FRA"]
[Date "2008.02.20"]
[Round "6"]
[White "Chulivska,V"]
[Black "Luther,T"]
[Result "1/2-1/2"]
[WhiteElo "2291"]
[BlackElo "2526"]
[EventDate "2008.02.16"]

1. e4 Nf6 2. e5 Nd5 3. d4 d6 4. Nf3 dxe5 5. Nxe5 c6 6. Qf3 Be6 7. c3 Nd7 8.
Bd3 Nxe5 9. dxe5 Qc7 10. Qe2 g5 11. O-O Bg7 12. Re1 g4 13. Bd2 O-O-O 14. a4
Nb6 15. Bf4 Nd5 16. Bd2 Nb6 17. Bf4 Nd5 1/2-1/2

[Event "XXIV Open"]
[Site "Cappelle La Grande FRA"]
[Date "2008.02.20"]
[Round "6"]
[White "Kostiukova,L"]
[Black "Lalic,B"]
[Result "0-1"]
[WhiteElo "2290"]
[BlackElo "2507"]
[EventDate "2008.02.16"]

1. d4 Nf6 2. c4 e6 3. g3 d5 4. Bg2 dxc4 5. Nf3 a6 6. a4 Nc6 7. O-O Na5 8.
Ra2 c5 9. Bd2 Nd5 10. Bxa5 Qxa5 11. Ne5 Qc7 12. a5 cxd4 13. Qxd4 Bc5 14.
Qxc4 Bxf2+ 15. Rxf2 Qxe5 16. Qc5 Bd7 17. Nd2 Rc8 18. Nc4 Rxc5 19. Nxe5 f6
20. Nxd7 Kxd7 21. e4 Nb4 22. Ra4 Nc6 23. Rd2+ Kc7 24. Bh3 Re8 25. Ra1 Re7
26. Rad1 Rxa5 0-1

[Event "XXIV Open"]
[Site "Cappelle La Grande FRA"]
[Date "2008.02.20"]
[Round "6"]
[White "Paulet,I"]
[Black "Nalbandian,T"]
[Result "1/2-1/2"]
[WhiteElo "2285"]
[BlackElo "2505"]
[EventDate "2008.02.16"]

1. e4 Nf6 2. e5 Nd5 3. d4 d6 4. c4 Nb6 5. exd6 exd6 6. Nc3 Nc6 7. Be3 Be7
8. Bd3 O-O 9. Nge2 Nb4 10. b3 Nxd3+ 11. Qxd3 Re8 12. O-O Bf8 13. Ng3 a5 14.
Rae1 a4 15. f4 axb3 16. axb3 Ra3 17. Qc2 Be7 18. f5 Bh4 19. f6 Bxf6 20. Nh5
Bh4 21. g3 Rxe3 22. Rxe3 Bg5 23. Ref3 Bg4 24. Rxf7 Bxh5 25. Qf5 Ra8 26. c5
dxc5 27. dxc5 Qd4+ 28. Kh1 h6 29. cxb6 Qxc3 30. Rxc7 Qxb3 31. g4 Bxg4 32.
Qxg4 Qxb6 33. Rc8+ Rxc8 34. Qxc8+ Kh7 35. Qc2+ Kg8 36. Qc4+ Kh7 37. Qe4+
Qg6 38. Qxb7 Qd3 39. Qg2 Bf6 40. Rf3 Qd1+ 41. Rf1 Qd3 42. h3 Be5 43. Rg1
Qf5 44. Rf1 1/2-1/2

[Event "XXIV Open"]
[Site "Cappelle La Grande FRA"]
[Date "2008.02.20"]
[Round "6"]
[White "Sergeev,Vl"]
[Black "Gosset,A"]
[Result "1/2-1/2"]
[WhiteElo "2502"]
[BlackElo "2136"]
[EventDate "2008.02.16"]

1. Nf3 Nf6 2. g3 d5 3. Bg2 Bf5 4. d3 e6 5. O-O Bc5 6. Nbd2 Nbd7 7. b3 Qe7
8. a3 Bg6 9. b4 Bb6 10. c4 c6 11. a4 e5 12. a5 Bc7 13. a6 b5 14. c5 O-O 15.
Nh4 Bh5 16. Qe1 e4 17. dxe4 dxe4 18. Nb3 Be5 19. Nf5 Qe8 20. Ra3 Bg4 21.
Nbd4 Bxd4 22. Nxd4 Ne5 23. h3 Be6 24. Bf4 Nc4 25. Ra1 Rd8 26. Nxe6 Qxe6 27.
Qb1 Nd2 28. Bxd2 Rxd2 29. Rd1 Rfd8 30. Rxd2 Rxd2 31. Qe1 e3 32. Rd1 Qd7 33.
Rxd2 Qxd2 34. Kf1 Nd5 35. Bxd5 Qxd5 36. fxe3 h5 37. Kf2 Qf5+ 38. Kg2 Qe4+
39. Kf2 Qf5+ 40. Kg2 Qe4+ 1/2-1/2

[Event "XXIV Open"]
[Site "Cappelle La Grande FRA"]
[Date "2008.02.20"]
[Round "6"]
[White "Szelag,M"]
[Black "Scetinin,A"]
[Result "1-0"]
[WhiteElo "2484"]
[BlackElo "2208"]
[EventDate "2008.02.16"]

1. e4 e5 2. Nf3 Nc6 3. Bb5 Bc5 4. c3 Qf6 5. d4 exd4 6. e5 Qf5 7. cxd4 Be7
8. Nc3 Nb4 9. O-O c6 10. a3 Nd5 11. Nxd5 cxd5 12. Bd3 Qe6 13. Ng5 Bxg5 14.
Bxg5 h6 15. Qh5 b5 16. Rad1 Ne7 17. Bxe7 Qxe7 18. f4 a6 19. f5 Qg5 20. Qf3
Bb7 21. g3 h5 22. h4 Qh6 23. f6 Rg8 24. Rc1 Rc8 25. Rxc8+ Bxc8 26. Kh2 Bb7
27. Rf2 Bc6 28. Bc2 g5 29. Qe3 Kd8 30. Bd3 1-0

[Event "XXIV Open"]
[Site "Cappelle La Grande FRA"]
[Date "2008.02.20"]
[Round "6"]
[White "Baron,Ta"]
[Black "Van der Weide,K"]
[Result "1/2-1/2"]
[WhiteElo "2213"]
[BlackElo "2483"]
[EventDate "2008.02.16"]

1. e4 e6 2. d4 d5 3. Nc3 Nc6 4. Nf3 Nf6 5. e5 Ne4 6. Ne2 f6 7. Ng3 fxe5 8.
dxe5 Bd7 9. Be3 Bc5 10. Bxc5 Nxc5 11. Be2 Qe7 12. c3 O-O 13. Qd2 Be8 14.
Qe3 Bg6 15. Nd4 Nd7 16. Nxc6 bxc6 17. O-O Qc5 18. Qd4 Rab8 19. b3 Qxd4 20.
cxd4 Rb4 21. Rac1 c5 22. f4 Rxd4 23. Bb5 Nb6 24. Rxc5 Rdxf4 25. Rxc7 R8f7
26. Rxf7 Rxf7 27. Rxf7 Kxf7 28. Kf2 Bb1 29. a4 d4 30. Ne2 d3 31. Nc3 Bc2
32. a5 Nd5 33. Nxd5 exd5 34. Ke3 d4+ 35. Kd2 Ke6 36. b4 h6 37. Bxd3 Bb3 38.
b5 Bd5 39. g3 Kxe5 40. b6 axb6 41. axb6 Bb7 42. Bb5 Kd6 43. Kd3 Kc5 44. Bc4
Bc8 45. Be6 Bb7 46. h4 Ba6+ 47. Ke4 d3 48. b7 Bxb7+ 49. Kxd3 Kd6 50. Bc4
1/2-1/2

[Event "XXIV Open"]
[Site "Cappelle La Grande FRA"]
[Date "2008.02.20"]
[Round "6"]
[White "Pacheco,Dan"]
[Black "Sokolov,And1"]
[Result "0-1"]
[WhiteElo "2318"]
[BlackElo "2594"]
[EventDate "2008.02.16"]

1. d4 Nf6 2. c4 e6 3. g3 d5 4. Bg2 dxc4 5. Qa4+ Nbd7 6. Nf3 Bd6 7. Nbd2 a6
8. Nxc4 b5 9. Nxd6+ cxd6 10. Qa3 Qb6 11. Bd2 a5 12. O-O Bb7 13. Rfc1 O-O
14. Bh3 h6 15. Bg2 b4 16. Qa4 Rac8 17. a3 Bxf3 18. Bxf3 Qxd4 19. Bc3 Qb6
20. axb4 axb4 21. Qxb4 d5 22. Qxb6 Nxb6 23. Kg2 Nbd7 24. h4 Nc5 25. Ra3
Nce4 26. Bxe4 Nxe4 27. f3 Nd6 28. Rca1 Nc4 29. Ra4 Rfd8 30. Kf2 e5 31. b3
Nb6 32. Ba5 Nxa4 33. Bxd8 Nc3 34. Ba5 Nb5 35. Bd2 Rc2 36. Ke1 Rb2 37. b4 d4
38. Ra8+ Kh7 39. Ra4 Nd6 40. Ra5 e4 41. Bf4 e3 42. Kd1 Rd2+ 43. Kc1 Rxe2
44. Rd5 Re1+ 45. Kc2 Nc4 46. Rxd4 e2 47. Re4 f5 48. Bd2 Na3+ 49. Kc3 Nb5+
50. Kb2 fxe4 51. Bxe1 exf3 52. Kc2 Kg6 53. Kd3 Kf5 54. Ke3 Kg4 55. Ke4 h5
56. Ke3 Nc7 57. Kf2 Nb5 58. Ke3 Nd6 59. Bf2 Nc4+ 60. Kd4 Kh3 61. Kxc4 Kg2
0-1

[Event "XXIV Open"]
[Site "Cappelle La Grande FRA"]
[Date "2008.02.20"]
[Round "6"]
[White "Sandipan,C"]
[Black "Mamedjarova,T"]
[Result "1-0"]
[WhiteElo "2593"]
[BlackElo "2313"]
[EventDate "2008.02.16"]

1. e4 e5 2. Bc4 d6 3. c3 Nf6 4. d3 Be7 5. Nf3 O-O 6. O-O c6 7. Bb3 Qc7 8.
Re1 Nbd7 9. Nbd2 d5 10. exd5 cxd5 11. c4 d4 12. Nf1 Bd6 13. Bg5 h6 14. Bh4
Nh7 15. Bg3 a5 16. a3 Ng5 17. N1d2 Nxf3+ 18. Nxf3 Kh8 19. Ba2 a4 20. c5
Qxc5 21. Rc1 Qb6 22. Qe2 e4 23. dxe4 Bxg3 24. hxg3 d3 25. Qxd3 Qxb2 26. Rc2
Ne5 27. Qd6 Nxf3+ 28. gxf3 Qxc2 29. Qxf8+ Kh7 30. Bxf7 1-0

[Event "XXIV Open"]
[Site "Cappelle La Grande FRA"]
[Date "2008.02.20"]
[Round "6"]
[White "Belov,Vl"]
[Black "Borsuk,A"]
[Result "1-0"]
[WhiteElo "2578"]
[BlackElo "2312"]
[EventDate "2008.02.16"]

1. e4 d6 2. f4 g6 3. Nf3 Bg7 4. Nc3 c6 5. a3 b5 6. d4 a6 7. Be2 Nd7 8. O-O
Nb6 9. Ng5 f6 10. Nf3 Be6 11. d5 cxd5 12. exd5 Bf7 13. f5 Nh6 14. Nd4 O-O
15. Bd3 Qc8 16. Kh1 Ra7 17. Be4 Rc7 18. Qd3 Qe8 19. Qh3 Rc4 20. Bxh6 Rxd4
21. Bxg7 Kxg7 22. Qe3 Rxe4 23. Qxe4 1-0

[Event "XXIV Open"]
[Site "Cappelle La Grande FRA"]
[Date "2008.02.20"]
[Round "6"]
[White "Kochetkova,J"]
[Black "Mamedov,Nid"]
[Result "0-1"]
[WhiteElo "2314"]
[BlackElo "2574"]
[EventDate "2008.02.16"]

1. e4 c5 2. Nf3 Nc6 3. d4 cxd4 4. Nxd4 Nf6 5. Nc3 d6 6. Bg5 e6 7. Qd2 Qb6
8. Nb3 a6 9. O-O-O Be7 10. f3 O-O 11. g4 Rd8 12. Be3 Qc7 13. Qf2 Nd7 14. h4
b5 15. g5 Nce5 16. Kb1 Bb7 17. h5 Rac8 18. g6 hxg6 19. hxg6 Nxg6 20. Qh2
Bf6 21. Nd4 b4 22. Nce2 e5 23. Ng3 exd4 24. Bc4 Qxc4 25. Qh7+ Kf8 26. Nf5
Qxc2+ 27. Ka1 Ne7 28. Qh8+ Ng8 29. Bg5 d3 30. Bxf6 Ndxf6 31. Qxg7+ Ke8 32.
e5 d2 33. Qg5 dxe5 0-1

[Event "XXIV Open"]
[Site "Cappelle La Grande FRA"]
[Date "2008.02.20"]
[Round "6"]
[White "Brodsky,M"]
[Black "Gheng,J"]
[Result "1-0"]
[WhiteElo "2572"]
[BlackElo "2310"]
[EventDate "2008.02.16"]

1. d4 Nf6 2. c4 g6 3. Nc3 d5 4. cxd5 Nxd5 5. e4 Nb6 6. h3 Bg7 7. Nf3 O-O 8.
Be2 Nc6 9. Be3 f5 10. exf5 Bxf5 11. Qb3+ Kh8 12. d5 Ne5 13. Nd4 c5 14. Nxf5
c4 15. Bxb6 axb6 16. Bxc4 Rxf5 17. Be2 Rf4 18. O-O Nd7 19. Rad1 Nc5 20. Qc2
Na4 21. Nb5 Nxb2 22. Rd2 Rc8 23. Qb3 Nc4 24. Bxc4 Rfxc4 25. d6 Be5 26. d7
R8c5 27. Rfd1 Kg7 28. a4 Rf4 29. g3 Rf6 30. Re2 Bd6 31. Nxd6 exd6 32. Rde1
Rf7 33. Qb2+ Kh6 34. Qd2+ Kg7 35. Qd4+ Kh6 36. Re7 1-0

[Event "XXIV Open"]
[Site "Cappelle La Grande FRA"]
[Date "2008.02.20"]
[Round "6"]
[White "Shengelia,D"]
[Black "Matseyko,K"]
[Result "1-0"]
[WhiteElo "2568"]
[BlackElo "2301"]
[EventDate "2008.02.16"]

1. b3 e5 2. Bb2 d6 3. g3 Nc6 4. Bg2 f5 5. e3 g6 6. d4 e4 7. Ne2 Nf6 8. Nf4
g5 9. Nh5 h6 10. Nc3 Qe7 11. Nxf6+ Qxf6 12. Qh5+ Kd8 13. g4 Ne7 14. gxf5 d5
15. f3 exf3 16. Qxf3 Qxf5 17. Nxd5 Qxc2 18. O-O Nxd5 19. Qxd5+ Bd6 20. Ba3
Qg6 21. e4 Qe6 22. Qxe6 Bxe6 23. Bb2 Rf8 24. e5 Rxf1+ 25. Rxf1 Be7 26. Bxb7
Rb8 27. Bc6 Rb6 28. d5 Bh3 29. Rd1 Bg4 30. Rd2 Bb4 31. Rc2 Bf5 32. Rc4 Bd3
33. Rc1 Bd2 34. Rd1 Be3+ 35. Kg2 Be4+ 36. Kf1 Ra6 37. a4 Bf4 38. e6 Ke7 39.
Ba3+ Bd6 40. Bxd6+ cxd6 41. Rd4 Bc2 42. Rb4 Rb6 43. Rxb6 axb6 44. b4 Bd3+
45. Kf2 Kd8 46. Ke3 1-0

[Event "XXIV Open"]
[Site "Cappelle La Grande FRA"]
[Date "2008.02.20"]
[Round "6"]
[White "Vovk,Y"]
[Black "Tuncer,U"]
[Result "1-0"]
[WhiteElo "2561"]
[BlackElo "2301"]
[EventDate "2008.02.16"]

1. e4 c5 2. Nc3 Nc6 3. f4 a6 4. Nf3 Nd4 5. Bc4 e6 6. d3 b5 7. Bb3 Bb7 8.
O-O Ne7 9. Nxd4 cxd4 10. Ne2 Nc6 11. Qe1 Rc8 12. Qg3 Qc7 13. Bd2 g6 14. Qh4
Be7 15. Qh6 Bf8 16. Qh3 Na5 17. Nxd4 Bc5 18. Be3 Qb6 19. c3 b4 20. Kh1 Nxb3
21. axb3 d5 22. e5 Rc7 23. Qh4 a5 24. Qf2 O-O 25. Qd2 Ra8 26. Bg1 Ba6 27.
Ne2 Bxg1 28. Rxg1 Rac8 29. Rge1 Qb5 30. Red1 Qb6 31. c4 Bb7 32. Qe1 Rd7 33.
Qg1 Qd8 34. Nd4 Qh4 35. Nb5 dxc4 36. bxc4 Qxf4 37. Nd6 Ra8 38. d4 a4 39.
Qe1 Qg4 40. d5 exd5 41. cxd5 Kg7 42. e6 fxe6 43. Qe5+ Kh6 44. Rd4 Qg5 45.
Qxe6 Rad8 46. h4 Qh5 47. Nf7+ Rxf7 48. Qxf7 Bxd5 49. Qf4+ Kg7 50. Qc7+ 1-0

[Event "XXIV Open"]
[Site "Cappelle La Grande FRA"]
[Date "2008.02.20"]
[Round "6"]
[White "Sandu,Mi"]
[Black "Maiorov,N1"]
[Result "1/2-1/2"]
[WhiteElo "2313"]
[BlackElo "2525"]
[EventDate "2008.02.16"]

1. e4 e5 2. Nf3 Nc6 3. Nc3 Nf6 4. d4 exd4 5. Nxd4 Bb4 6. Nxc6 bxc6 7. Bd3
O-O 8. O-O d5 9. exd5 cxd5 10. Bg5 c6 11. Qf3 Be7 12. h3 h6 13. Bf4 Bd6 14.
Rfe1 Rb8 15. b3 Rb4 16. Bxd6 Qxd6 17. Qe3 Rb7 18. Na4 Be6 19. Nc5 Re7 20.
Qd4 Bc8 21. Rxe7 Qxe7 22. Qe3 Qxe3 23. fxe3 Re8 24. Kf2 Kf8 25. a4 Ke7 26.
b4 Kd6 27. Nb3 Nd7 28. Nd4 Ne5 29. Be2 Bd7 30. Nb3 Bf5 31. c3 Bd3 32. Bf3
Nc4 33. Re1 Be4 34. Nc5 Bxf3 35. gxf3 a5 36. Nd3 Ra8 37. Ra1 Kc7 38. Ra2 g6
39. Ra1 g5 40. Ra2 f5 41. Ra1 Re8 42. Re1 h5 43. Nc5 Re7 44. Re2 Kb6 45.
Re1 Rf7 46. Rh1 g4 47. hxg4 fxg4 48. Rxh5 Rxf3+ 49. Kg1 Rf7 50. e4 Ne3 51.
Rg5 Rf1+ 52. Kh2 Rf2+ 53. Kg1 Rf1+ 54. Kh2 Rf2+ 1/2-1/2

[Event "XXIV Open"]
[Site "Cappelle La Grande FRA"]
[Date "2008.02.20"]
[Round "6"]
[White "Kharitonov,Alexandr"]
[Black "Hopman,P"]
[Result "1-0"]
[WhiteElo "2524"]
[BlackElo "2301"]
[EventDate "2008.02.16"]

1. d4 d6 2. g3 e5 3. dxe5 dxe5 4. Qxd8+ Kxd8 5. Nc3 c6 6. f4 Bb4 7. fxe5
Bf5 8. Bg5+ Ke8 9. O-O-O Nd7 10. Nf3 Bxc3 11. bxc3 Be6 12. Nd4 Bd5 13. Nb5
Bxh1 14. Nc7+ Kf8 15. Nxa8 Bd5 16. c4 Be6 17. Nc7 h6 18. Bh4 g5 19. Nxe6+
fxe6 20. Rxd7 Ne7 21. Rxb7 gxh4 22. Rxa7 Kf7 23. Bg2 Rg8 24. Bf3 Rg5 25.
gxh4 Rxe5 26. Kb2 Kf6 27. a4 Nf5 28. a5 Re3 29. Rc7 1-0

[Event "XXIV Open"]
[Site "Cappelle La Grande FRA"]
[Date "2008.02.20"]
[Round "6"]
[White "Kveinys,A"]
[Black "Buchal,S"]
[Result "1/2-1/2"]
[WhiteElo "2521"]
[BlackElo "2296"]
[EventDate "2008.02.16"]

1. d4 g6 2. g3 Bg7 3. Nf3 f5 4. Bg2 Nf6 5. b4 Nc6 6. a3 d6 7. Bb2 e5 8. d5
Ne7 9. c4 h6 10. Nc3 O-O 11. Qb3 g5 12. h4 e4 13. Nd4 Ng4 14. Nd1 Ng6 15.
hxg5 hxg5 16. Bh3 N6e5 17. Bxg4 Nxg4 18. Ne3 Nxe3 19. fxe3 Qe8 20. O-O-O
Bd7 21. Ne6 Bxe6 22. Bxg7 Kxg7 23. Qc3+ Kg6 24. dxe6 Qxe6 25. Rh2 Qf6 26.
Qxf6+ Rxf6 27. Rdh1 Rg8 28. Rh7 Rg7 29. Rh8 a6 30. Kc2 f4 1/2-1/2

[Event "XXIV Open"]
[Site "Cappelle La Grande FRA"]
[Date "2008.02.20"]
[Round "6"]
[White "Marechal,A"]
[Black "Totsky,L"]
[Result "0-1"]
[WhiteElo "2301"]
[BlackElo "2498"]
[EventDate "2008.02.16"]

1. e4 e6 2. d4 d5 3. e5 c5 4. c3 Qb6 5. Nf3 Bd7 6. Be2 cxd4 7. cxd4 Bb5 8.
Nc3 Bxe2 9. Nxe2 Ne7 10. O-O Nd7 11. Nf4 Nc6 12. Be3 Be7 13. Nd3 O-O 14.
Rb1 a5 15. Qd2 Rfc8 16. Rbc1 Qb5 17. Rc2 a4 18. Rfc1 Nb6 19. h4 Nc4 20. Qe2
h6 21. Bf4 a3 22. bxa3 Rxa3 23. Rc3 Rca8 24. Rxa3 Rxa3 25. Rc2 Qb1+ 26. Kh2
b6 27. h5 Rxd3 28. Rc1 Rxf3 29. Rxb1 Rxf4 30. g3 Nxd4 0-1

[Event "XXIV Open"]
[Site "Cappelle La Grande FRA"]
[Date "2008.02.20"]
[Round "6"]
[White "Gutman,G"]
[Black "Miedema,R"]
[Result "1-0"]
[WhiteElo "2496"]
[BlackElo "2287"]
[EventDate "2008.02.16"]

1. d4 e6 2. c4 d5 3. Nc3 Bb4 4. Nf3 Nf6 5. e3 O-O 6. Bd3 c5 7. O-O Nc6 8.
a3 Ba5 9. h3 dxc4 10. Bxc4 a6 11. Bd3 b5 12. Ne4 c4 13. Nxf6+ Qxf6 14. Be4
Bb7 15. Ne5 Rfc8 16. Nd7 Qe7 17. Nc5 Ra7 18. b4 Bc7 19. Bb2 Ba8 20. f4 Qd6
21. d5 exd5 22. Qg4 Qf8 23. Nd7 1-0

[Event "XXIV Open"]
[Site "Cappelle La Grande FRA"]
[Date "2008.02.20"]
[Round "6"]
[White "Vera Gonzalez Quevedo,R"]
[Black "Forsaa,E"]
[Result "1-0"]
[WhiteElo "2495"]
[BlackElo "2285"]
[EventDate "2008.02.16"]

1. Nf3 Nf6 2. c4 b6 3. g3 c5 4. Bg2 Bb7 5. O-O e6 6. Nc3 d6 7. d4 cxd4 8.
Qxd4 Be7 9. Rd1 a6 10. b3 Nbd7 11. e4 O-O 12. Ba3 Nc5 13. e5 dxe5 14. Qxd8
Rfxd8 15. Nxe5 Bxg2 16. Kxg2 Bf8 17. Bxc5 bxc5 18. f4 Rac8 19. Na4 Rd6 20.
Kf3 Ne8 21. Rxd6 Bxd6 22. Rd1 Kf8 23. Nd3 h5 24. h3 Ke7 25. g4 Nf6 26. Ne5
Bxe5 27. fxe5 hxg4+ 28. hxg4 Nd7 29. Rxd7+ Kxd7 30. Nb6+ Kc7 31. Nxc8 Kxc8
32. g5 Kd7 33. Ke4 a5 34. Kd3 Ke7 35. a3 f6 36. exf6+ gxf6 37. g6 f5 38. b4
cxb4 39. axb4 a4 40. b5 a3 41. Kc2 a2 42. Kb2 f4 43. g7 Kf7 44. b6 f3 45.
b7 f2 46. g8=Q+ 1-0

[Event "XXIV Open"]
[Site "Cappelle La Grande FRA"]
[Date "2008.02.20"]
[Round "6"]
[White "Banusz,T"]
[Black "Dubois,JM"]
[Result "1-0"]
[WhiteElo "2489"]
[BlackElo "2280"]
[EventDate "2008.02.16"]

1. Nf3 d5 2. d4 Nc6 3. c4 Bg4 4. Nc3 e6 5. cxd5 exd5 6. Bf4 Bxf3 7. gxf3
Bd6 8. Bg3 Nge7 9. e3 a6 10. Bg2 O-O 11. Qd2 Nf5 12. O-O-O Bb4 13. Qc2 g6
14. Ne2 Nd6 15. h4 Nc4 16. h5 g5 17. f4 f5 18. fxg5 Be7 19. Nf4 Nb4 20.
Bxd5+ 1-0

[Event "XXIV Open"]
[Site "Cappelle La Grande FRA"]
[Date "2008.02.20"]
[Round "6"]
[White "Boric,E"]
[Black "Wirig,A"]
[Result "1/2-1/2"]
[WhiteElo "2274"]
[BlackElo "2479"]
[EventDate "2008.02.16"]

1. d4 Nf6 2. Nf3 e6 3. Bf4 d5 4. e3 c5 5. c3 Nc6 6. Bd3 Bd6 7. Be5 Qc7 8.
Bxd6 Qxd6 9. O-O O-O 10. Nbd2 e5 11. Be2 b6 12. dxe5 Nxe5 13. c4 Bb7 14.
cxd5 Qxd5 15. Qc2 Nc6 16. a3 Rfe8 17. Nc4 Qe4 18. Qxe4 Nxe4 19. Rfd1 Rad8
20. Rxd8 Rxd8 21. Rd1 Ba6 22. Rxd8+ Nxd8 23. Kf1 Bxc4 24. Bxc4 Kf8 25. Ke2
Ke7 26. Nd2 Nf6 27. f3 Nc6 28. h4 Ne5 29. Bb5 Ng6 30. g3 Nd5 31. f4 Nc7 32.
Bd3 Nf8 33. Nf3 f6 34. e4 h6 35. e5 fxe5 36. Nxe5 1/2-1/2

[Event "XXIV Open"]
[Site "Cappelle La Grande FRA"]
[Date "2008.02.20"]
[Round "6"]
[White "Popilski,G"]
[Black "Naumkin,I"]
[Result "1/2-1/2"]
[WhiteElo "2271"]
[BlackElo "2475"]
[EventDate "2008.02.16"]

1. e4 e5 2. Nf3 Nc6 3. Bb5 a6 4. Ba4 Nf6 5. O-O Be7 6. Re1 b5 7. Bb3 O-O 8.
h3 d6 9. c3 Na5 10. Bc2 c5 11. d4 Nd7 12. Kh1 cxd4 13. cxd4 Nc6 14. Nc3
exd4 15. Nxd4 Nxd4 16. Qxd4 Bb7 17. Bb3 Nc5 18. Bd5 Bf6 19. Qe3 Bxc3 20.
Qxc3 Bxd5 21. exd5 Qh4 22. Be3 Rac8 23. Rac1 h6 24. Qa3 b4 25. Qa5 Qd8 26.
Qxd8 Rfxd8 27. Re2 Nd3 28. Rc6 Rxc6 29. dxc6 Rc8 30. Rd2 Ne5 31. Rxd6 Nc4
32. Rd7 Rxc6 33. Bd4 Nd2 34. g3 Rc2 35. Rd8+ Kh7 36. Kg2 f6 37. Ra8 Ne4 38.
Kf3 Ng5+ 39. Kg2 Ne6 40. Be3 Rxb2 41. Rxa6 Nc7 42. Ra7 Nd5 43. Bd4 Rd2 44.
Bc5 Kg8 45. Rb7 Rxa2 46. Bxb4 Rb2 47. Rb8+ Kf7 48. Bd6 Rc2 49. Rb7+ Ke6 50.
Bf8 g5 51. Bxh6 Ne3+ 52. Kf3 Nd1 53. Kg4 Nxf2+ 54. Kh5 Ne4 55. Kg6 Rh2 56.
Rb6+ Kd5 57. Bg7 Rxh3 58. Bxf6 Rxg3 59. Rb5+ Kc4 60. Re5 Nxf6 61. Kxf6 g4
62. Kf5 Kd3 63. Kf4 Rg1 64. Rg5 1/2-1/2

[Event "XXIV Open"]
[Site "Cappelle La Grande FRA"]
[Date "2008.02.20"]
[Round "6"]
[White "Schuurman,P"]
[Black "Tunik,G"]
[Result "1/2-1/2"]
[WhiteElo "2271"]
[BlackElo "2473"]
[EventDate "2008.02.16"]

1. d4 Nf6 2. c4 e6 3. Nf3 b6 4. g3 Ba6 5. Qc2 b5 6. cxb5 Bxb5 7. Nc3 Bc6 8.
Bg2 Bb4 9. O-O O-O 10. Bg5 h6 11. Bxf6 Qxf6 12. e4 d6 13. Rad1 a5 14. Nh4
e5 15. Nf5 Re8 16. a3 exd4 17. Nxd4 Bxc3 18. Qxc3 Ra6 19. Rfe1 Qe5 20. f4
Qh5 21. Bf3 Qc5 22. Rc1 Qxc3 23. Rxc3 g6 24. Kf2 Rb6 25. b4 axb4 26. axb4
Bd7 27. Rxc7 Rxb4 28. Rd1 Ba4 29. Rd2 Na6 30. Rc1 Nc5 31. e5 dxe5 32. Rxc5
exd4 33. Rd5 1/2-1/2

[Event "XXIV Open"]
[Site "Cappelle La Grande FRA"]
[Date "2008.02.20"]
[Round "6"]
[White "Akesson,R"]
[Black "Ruckschloss,K"]
[Result "1-0"]
[WhiteElo "2470"]
[BlackElo "2260"]
[EventDate "2008.02.16"]

1. d4 f5 2. g3 g6 3. Bg2 Nf6 4. Nf3 Bg7 5. O-O O-O 6. b3 c6 7. Bb2 d5 8. c4
e6 9. Nbd2 Nbd7 10. Ne1 b6 11. Nd3 Bb7 12. Rc1 a5 13. Nf3 Rc8 14. e3 Re8
15. Qe2 Ne4 16. Rfd1 Ng5 17. Nfe5 Nf7 18. Nxf7 Kxf7 19. f3 Qe7 20. e4 c5
21. cxd5 Bxd4+ 22. Bxd4 cxd4 23. dxe6+ Qxe6 24. Nf4 Qe5 25. Rxc8 Rxc8 26.
exf5 gxf5 27. Qd2 Qc5 28. Qxd4 Qxd4+ 29. Rxd4 Ne5 30. Nd3 Nxd3 31. Rd7+ Kg8
32. Rxb7 Rc6 33. f4 Rd6 34. Bh3 Rf6 35. Bf1 Nc5 36. Bc4+ Kh8 37. Re7 Rd6
38. Re5 Rd2 39. a4 Ne4 40. Rxf5 Rb2 41. g4 Nd2 42. Bd3 Nxb3 43. g5 1-0

[Event "XXIV Open"]
[Site "Cappelle La Grande FRA"]
[Date "2008.02.20"]
[Round "6"]
[White "Babaev,Ra"]
[Black "Vogel,Ja"]
[Result "1-0"]
[WhiteElo "2468"]
[BlackElo "2251"]
[EventDate "2008.02.16"]

1. e4 e6 2. d4 d5 3. Nd2 Nf6 4. e5 Nfd7 5. Bd3 c5 6. c3 Nc6 7. Ngf3 a5 8.
O-O cxd4 9. cxd4 Nb6 10. a4 Nb4 11. Be2 Bd7 12. Nb1 Nc8 13. Nc3 Qb6 14. Ng5
h6 15. Nh3 Ne7 16. Nb5 Bxb5 17. Bxb5+ Nec6 18. Be3 Be7 19. Nf4 g6 20. Rc1
Kd8 21. Ne2 Na7 22. Nc3 Nxb5 23. Nxb5 Nc6 24. Rc3 Kd7 25. Qf3 Rh7 26. Rfc1
Qa6 27. g3 Rb8 28. h4 Qb6 29. Kg2 Qd8 30. Qe2 Rh8 31. h5 g5 32. f4 Rg8 33.
fxg5 Bxg5 34. Rf1 Rg7 35. Nd6 Bxe3 36. Qxe3 Qg5 37. Qxg5 hxg5 38. h6 Rh7
39. Rxf7+ Rxf7 40. Nxf7 Ke7 41. Nxg5 1-0

[Event "XXIV Open"]
[Site "Cappelle La Grande FRA"]
[Date "2008.02.20"]
[Round "6"]
[White "Rasmussen,A"]
[Black "Upton,T"]
[Result "1/2-1/2"]
[WhiteElo "2468"]
[BlackElo "2247"]
[EventDate "2008.02.16"]

1. e4 e5 2. Nf3 Nc6 3. Bb5 a6 4. Ba4 d6 5. c3 f5 6. exf5 Bxf5 7. O-O Bd3 8.
Re1 Be7 9. Bc2 Bxc2 10. Qxc2 Nf6 11. d4 e4 12. Ng5 d5 13. f3 h6 14. Nh3 O-O
15. Nd2 exf3 16. Nxf3 Rf7 17. Nf2 Bd6 18. Bd2 Re7 19. Rxe7 Qxe7 20. Re1 Qf8
21. Ne5 Re8 22. Qf5 Bxe5 23. dxe5 Ne4 24. Qxf8+ Kxf8 25. Nxe4 dxe4 26. Rxe4
Rxe5 27. Rf4+ Ke7 28. c4 g5 29. Rf2 Re4 30. b3 b5 31. cxb5 axb5 32. Kf1 Nd4
33. h3 c5 34. Bc3 b4 35. Bb2 Ke6 36. Bc1 Nf5 37. Rf3 c4 38. bxc4 Rxc4 39.
Bb2 Rc2 40. Rb3 Nd6 41. Rxb4 Nc4 42. Bg7 Ne3+ 43. Kg1 Rxg2+ 44. Kh1 Rxa2
45. Bxh6 Ra1+ 46. Kh2 Ra2+ 47. Kg1 Rg2+ 48. Kh1 Rg3 49. Bxg5 Rxh3+ 50. Kg1
Rg3+ 51. Kf2 Rxg5 52. Re4+ Re5 53. Rxe5+ Kxe5 1/2-1/2

[Event "XXIV Open"]
[Site "Cappelle La Grande FRA"]
[Date "2008.02.20"]
[Round "6"]
[White "Maisuradze,N"]
[Black "Kasparov,S"]
[Result "1/2-1/2"]
[WhiteElo "2270"]
[BlackElo "2458"]
[EventDate "2008.02.16"]

1. d4 Nf6 2. c4 c5 3. d5 b5 4. cxb5 a6 5. bxa6 g6 6. Nc3 Bxa6 7. d6 exd6 8.
Bg5 h6 9. Bh4 Nc6 10. e3 Bxf1 11. Kxf1 Be7 12. Bxf6 Bxf6 13. Qxd6 Bxc3 14.
bxc3 Qe7 15. Qd5 Qe5 16. Qxe5+ Nxe5 17. Ke2 Ra3 18. Nf3 Nxf3 19. Kxf3 Rxc3
20. Rhc1 Rxc1 21. Rxc1 d6 22. Ke4 Kd7 23. Kd5 Ra8 24. Rc2 Ra3 25. Rd2 f5
26. h4 Ra4 27. g3 Re4 28. Rb2 Kc7 29. Rb3 Re5+ 30. Kc4 Kc6 31. Rb8 Re4+ 32.
Kb3 g5 33. hxg5 hxg5 34. Rf8 Kb5 35. Kc3 Ra4 36. Kb3 Rb4+ 37. Kc3 Ra4 38.
Kb3 1/2-1/2